THE CRAFT AND SCIENCE OF GAME DESIGN A VIDEO GAME DESIGNER'S MANUAL / (Record no. 589714)

000 -LEADER
fixed length control field 00365nam a22001337a 4500
020 ## - INTERNATIONAL STANDARD BOOK NUMBER
Qualifying information PB.
040 ## - CATALOGING SOURCE
Transcribing agency FIZZ A ISHAQ
082 ## - DEWEY DECIMAL CLASSIFICATION NUMBER
Classification number 794.8
Author Mark PHI
100 ## - MAIN ENTRY--PERSONAL NAME
Personal name CONNOR,O PHILIPPE.
9 (RLIN) 91582
245 ## - TITLE STATEMENT
Title THE CRAFT AND SCIENCE OF GAME DESIGN A VIDEO GAME DESIGNER'S MANUAL /
Statement of responsibility, etc. PHILIPPE O'CONNOR.
260 ## - PUBLICATION, DISTRIBUTION, ETC.
Place of publication, distribution, etc. CRC PRESS ;
Date of publication, distribution, etc. 794.8
300 ## - PHYSICAL DESCRIPTION
Extent 2021 P.;
942 ## - ADDED ENTRY ELEMENTS (KOHA)
Source of classification or shelving scheme
Koha item type Book
Holdings
Withdrawn status Lost status Source of classification or shelving scheme Damaged status Not for loan Permanent Location Current Location Date acquired Total Checkouts Full call number Barcode Date last seen Price effective from Koha item type
          NUST Baluchistan Campus (NBC) NUST Baluchistan Campus (NBC) 05/16/2022   794.8 PHI Q-4109 05/16/2022 05/16/2022 Book
© 2023 Central Library, National University of Sciences and Technology. All Rights Reserved.